000 00410nam a2200181Ia 4500
001 18505
005 20260306171635.0
008 260306s9999||||xx |||||||||||||| ||und||
041 _aESP
082 _a658.406
_bP48
100 _aPeters, Tom
_eAUT
245 0 _aLa esencia:
_bdiseño
260 _c2005
300 _a160 páginas :
_c19 cm
650 _aGEN
654 _aCAN
942 _cLIB
_dJUS
_fJUS
_2ddc
_n
999 _c18505
_d18505